00486cam a22001575a 4500008004100000020002500041245007800066260003600144300002900180500002000209650005100229700002100280003000100301005001700302040000900319  a9780340939932 (pbk.)10aClark's pocket handbook for radiographers /cCharles Sloane... [et al]. aLondon :bHodder Arnold,c2010. a242 p. :bill. ;c20 cm. aIncludes index. 0aRadiography, MedicalvHandbooks, manuals, etc. aSloane, Charles.20230123125457.0 cNUST